Human rights in a comparative perspective/ (Record no. 11637)

MARC details
000 -LEADER
fixed length control field 00558nam a22002057a 4500
005 - DATE AND TIME OF LATEST TRANSACTION
control field 20230914110009.0
008 - FIXED-LENGTH DATA ELEMENTS--GENERAL INFORMATION
fixed length control field 230914b ||||| |||| 00| 0 eng d
020 ## - INTERNATIONAL STANDARD BOOK NUMBER
International Standard Book Number 9789385756382
040 ## - CATALOGING SOURCE
Original cataloging agency IN-DiNC
Transcribing agency IN-DiNC
041 ## - LANGUAGE CODE
Language code of sung or spoken text English
082 ## - DEWEY DECIMAL CLASSIFICATION NUMBER
Classification number 323.4
Item number BOR
100 ## - MAIN ENTRY--PERSONAL NAME
Personal name Borah, Jitu
Relator term Author
245 ## - TITLE STATEMENT
Title Human rights in a comparative perspective/
Statement of responsibility, etc. by Jitu Borah
250 ## - EDITION STATEMENT
Edition statement 1st ed.
260 ## - PUBLICATION, DISTRIBUTION, ETC.
Place of publication, distribution, etc. Meerut:
Name of publisher, distributor, etc. Balaji publications,
Date of publication, distribution, etc. 2019.
300 ## - PHYSICAL DESCRIPTION
Extent x, 356p.
650 ## - SUBJECT ADDED ENTRY--TOPICAL TERM
Topical term or geographic name entry element Theory of human rights
650 ## - SUBJECT ADDED ENTRY--TOPICAL TERM
Topical term or geographic name entry element Structural violence
942 ## - ADDED ENTRY ELEMENTS (KOHA)
Source of classification or shelving scheme Dewey Decimal Classification
Koha item type Books
Holdings
Withdrawn status Lost status Source of classification or shelving scheme Damaged status Not for loan Collection code Home library Current library Shelving location Date acquired Cost, normal purchase price Total Checkouts Full call number Barcode Date last seen Date last checked out Copy number Price effective from Koha item type
    Dewey Decimal Classification     Political Science Naharkatiya College Library Naharkatiya College Library General Stacks 14/09/2023 895.00 1 323.4 BOR 28282 28/11/2023 19/09/2023 1 14/09/2023 Books

Naharkatiya College © 2020. All rights reserved.

Powered By